000 00846nac a22002531i 4500
003 EG-ScBUE
005 20240715120331.0
008 240715s2003 enkab f b 001 0 eng d
020 _a1860648118
040 _aEG-ScBUE
_beng
_erda
_cEG-ScBUE
_dEG-ScBUE
043 _af-ua---
082 0 4 _a962.053
_bKYL
_222
100 1 _aKyle, Keith,
_eauthor.
245 1 0 _aSuez :
_bBritain's end of empire in the Middle East /
_cKeith Kyle.
264 1 _aLondon ;
_aNew York :
_bI. B. Tauris,
_c2003.
300 _axii, 656 pages :
_billustrations, maps ;
_c24 cm
336 _2rdacontent
_atext
_btxt
337 _aunmediated
_2rdamedia
_bn
338 _avolume
_bnc
_2rdacarrier
504 _aIncludes bibliographical references and index.
651 7 _aEgypt
_xHistory
_yIntervention, 1956.
_2BUEsh
655 _vReading book
942 _cNB
_2ddc
999 _c4943
_d4943